Statistics for Body Parts in French

Click here to take the quiz!

General Stats

  • This quiz has been taken 111 times
    (70 since last reset)
  • The average score is 63 of 147

Answer Stats

HintAnswer% Correct
BodyLe corps
88%
HairLes cheveux (m)
81%
EyesLes yeux (m)
81%
HeadLa tête
77%
NoseLe nez
77%
OrganL'organe (m)
77%
MouthLa bouche
73%
ArmLe bras
73%
FingerLe doigt
73%
FaceLe visage
73%
EyeL'oeil (m)
73%
Tooth (singular)La dent
69%
HandLa main
69%
HeartLe cœur
69%
BackLe dos
69%
MuscleLe muscle
69%
EarL'oreille (f)
69%
NeckLe cou
65%
ForeheadLe front
65%
FootLe pied
65%
BloodLe sang
65%
TendonLe tendon
65%
TissueLe tissu
65%
BoneL'os (m)
65%
TongueLa langue
62%
Labia | Lip (singular)La lèvre
62%
BrainLe cerveau
62%
ThroatLa gorge
58%
LegLa jambe
58%
CheekLa joue
58%
MoustacheLa moustache
58%
AnusL'anus (m)
58%
CartilageLe cartilage
58%
ColonLe côlon
58%
LigamentLe ligament
58%
RectumLe rectum
58%
IrisL'iris (m)
58%
BeardLa barbe
54%
AbdomenL'abdomen (m)
54%
RetinaLa rétine
54%
ClitorisLe clitoris
54%
ShoulderL'épaule (f)
54%
PenisLe pénis
54%
ThumbLe pouce
54%
SkeletonLe squelette
54%
VaginaLe vagin
54%
Belly/gutLe ventre
54%
Canine / cuspidLa canine
50%
MolarLa molaire
50%
ChestLa poitrine
50%
PremolarLa prémolaire
50%
PupilLa pupille
50%
Eyelash (singular)Le cil
50%
ElbowLe coude
50%
NerveLe nerf
50%
WristLe poignet
50%
EyebrowLe sourcil
50%
StomachL'estomac (m)
50%
UrineL'urine
50%
UrineL'urine (f)
50%
CorneaLa cornée
46%
Hip (singular)La hanche
46%
NostrilLa narine
46%
SkinLa peau
46%
SalivaLa salive
46%
ForearmL'avant-bras (m)
46%
VeinLa veine
46%
SkullLe crâne
46%
LiverLe foie
46%
KneeLe genou
46%
GlansLe gland
46%
PancreasLe pancréas
46%
Little fingerLe petit doigt
46%
LungLe poumon
46%
Index fingerL'index (m)
46%
FingernailL'ongle (m)
46%
AnkleLa cheville
42%
Tear (singular)La larme
42%
Adam's appleLa pomme d'Adam
42%
Butt/ bottomLe derrière
42%
EarlobeLe lobe d'oreille
42%
Middle fingerLe majeur
42%
LimbLe membre
42%
ChinLe menton
42%
PelvisLe pelvis
42%
KidneyLe rein
42%
FaecesLes fèces (f)
42%
IntestinesLes intestins (m)
42%
HeelLe talon
42%
ToeL'orteil (m)
42%
AppendixL'appendice (m)
38%
SpleenLa rate
38%
Temple (singular)La tempe
38%
DiaphragmLe diaphragme
38%
GumsLes gencives (f)
38%
TorsoLe torse
38%
Eardrumle tympan
38%
IncisorL'incisive (f)
38%
Rib (singular)La côte
35%
Knuckle (singular)L'articulation (f)
35%
WaistLa taille
35%
Larynx / voiceboxLe larynx
35%
SemenLe sperme
35%
Body hairLes poils (f)
35%
Ring fingerL'annulaire (m)
31%
EyelidLa paupière
31%
TracheaLa trachée
31%
Ear canalLe canal auditif
31%
Breast (singular)Le sein
31%
Uterus / wombLe utérus
31%
Ovary (singular)L'ovaire (m)
31%
ArteryL'artère (f)
27%
Verruca / wartLa verrue
27%
VulvaLa vulve
27%
CapillaryLe capillaire
27%
Nipple (singular)Le mamelon
27%
TesticleLe testicule
27%
ShinLe tibia
27%
ToenailL'ongle de pied (m)
27%
UrethraL'urètre (m)
27%
PalmLa paume
23%
CheekboneLa pommette
23%
Navel / belly buttonLe nombril
23%
Pubic hairLes poils pubiens (m)
23%
ThumbnailL'ongle du pouce (m)
23%
ForeskinLe prépuce
19%
JawLa mâchoire
15%
EsophagusL'œsophage (m)
15%
ThighLa cuisse
12%
TonsilL'amygdale (f)
12%
FreckleLa tache de rousseur
12%
SpineLa colonne vertébrale
8%
NapeLa nuque
8%
SweatLa sueur
8%
BladderLa vessie
8%
CervixLe col de l'utérus
8%
ScalpLe cuir chevelu
8%
MoleLe grain de beauté
8%
CalfLe mollet
8%
GenitalsLes organes génitaux (m)
8%
ArmpitL'aisselle (f)
4%
UvulaLa luette
4%
HairlineLa naissance des cheveux
4%
KneecapLa rotule
4%
ScleraLa sclérotique
4%
GallbladderLa vésicule biliare
4%

Score Distribution

Percentile by Number Answered

Percent of People with Each Score

Your Score History

You have not taken this quiz since the last reset